Four Letter Geography - Z - Statistics

General Stats
  • This quiz has been taken 28 times
    5 since last reset
  • The average score is 2 of 10
Answer Stats
Hint Answer % Correct
"Zone" in Spanish Zona
80%
Ancient Persian religious leader {Zoro}aster
80%
Element Australia has lots of Zinc
60%
City in China Zibo
20%
Tunisian city famous for battle Zama
0%
A place in Iran Zari
0%
Town in Peru Zaza
0%
Town in Germany Zell
0%
River in Russia Zeya
0%
"Lake" in Swahili Ziwa
0%
No matching quizzes found
Score Distribution
Percent of People with Each Score
Percentile by Number Answered
Your Score History
You have not taken this quiz since the last reset